000 00762nam a2200265Ia 4500
003 OSt
005 20220926013759.0
006 a|||||r|||| 00| 0
007 ta
008 220923b |||||||| |||| 00| 0 eng d
020 _a0471838691
037 _cGeneral Book
040 _aRTL
_cRTL
_beng
041 _2eng
_aeng
082 _aY7, L6
100 _aSwartz Marc J
_917727
245 0 _aAnthropology
_b Perspective on humanity
260 _aNew York
_bJohn Wiley & Sons USA
_c1976
300 _aix, 735p
_ccm.
500 _aBibliography: P 695-707; Glossary: P 685-94; Index:P713-35
650 _aRace
700 _a Jordan David K
_917728
942 _hY7, L6
_cGB
_2CC
999 _c626803
_d626803